MDQL
is popping MORE tags! Check the
thread
!
Quizzes
Events
Quiz Creation
Community
Videos
Private Events
Remove Ads
Sign In
Join for FREE
Feedback
Dark Mode
Quiz Categories
Sports
Geography
Music
Movies
Television
Just For Fun
Miscellaneous
History
Literature
Language
Science
Gaming
Entertainment
Religion
Holiday
For Kids
Quiz Lab
Recent
Popular Today
Quiz Kudos Today
Editor Picks
Curator Picks
Quizzes by...
Day
Popularity
Type
Ratings
Length
Year
Community
Subscriptions
Recent Discussions
Orange Saloon
Badges
Playlists
Quests
Create
Leaderboards
Showdown
Live 5
Trivia Bingo
Activity
Puzzle Library
Sporcle Events
Private Events
Virtual Trivia
Globe League
Become a Host
Pub Owners
SporcleCon
Opinionation
Our Games
Videos
Blog
Mobile Apps
Partnerships
Remove Ads and Go Orange
Feedback
Entertainment
Celebrity
Famous
Musical
Broadway
Show
Quote
Comic Books
Anime
Superhero
DC Comics
Marvel
Cartoons
Animation
Entertainment
Celebrity
Famous
Musical
Broadway
Show
Quote
Comic Books
Anime
Superhero
DC Comics
Marvel
Cartoons
Animation
Random Quiz
Search Sporcle
×
Quiz Lab
Quiz Lab
Entertainment
radio
Type in answers that appear in a list
Type in answers that appear in a list
Classic
Best Score? Go Orange.
BBC Radio Comedy Programmes Stats
How many BBC Radio Comedy Programmes can you name from their initialisms?
By
pjroberts
14m
95 Questions
80 Plays
80 Plays
80 Plays
Comments
Comments
Give Quiz Kudos
Give Quiz Kudos
-
- Ratings
hide this ad
Replay
Link that replays current quiz
Next Quiz
Link to next quiz in quiz playlist
You Got
0%
They Got
Avg Score
40%
Avg Friend Score
Upgrade to see
Score Distribution
Jump to the score distribution portion of the page
Score
0/95
Timer
14:00
0
Plays Today
Initialism
Programme Title
% Correct
ISIHaC
I'm Sorry I Haven't a Clue
91.3%
JaM
Just a Minute
81.3%
ISIRTA
I'm Sorry I'll Read That Again
72.5%
HHH
Hancock's Half Hour
71.3%
TNQ
The News Quiz
66.3%
CP
Cabin Pressure
62.5%
ITMA
It's That Man Again
58.8%
DR
Dead Ringers
53.8%
CitC
Clare in the Community
52.5%
DA
Dad's Army
52.5%
TNL
The Navy Lark
52.5%
CASRS
Count Arthur Strong's Radio Show
51.3%
LB
Little Britain
51.3%
TGS
The Goon Show
51.3%
LoG
League of Gentlemen
48.8%
DtL
Down the Line
47.5%
SaS
Steptoe and Son
47.5%
MBitM
Much Binding in the Marsh
46.3%
TifH
Take it from Here
46.3%
TUT
The Unbelievable Truth
46.3%
AH
After Henry
45%
ISOHaM
It Sticks Out Half a Mile
45%
BE
Bleak Expectations
43.8%
ERW
Ed Reardon's Week
43.8%
KMKY
Knowing Me, Knowing You
43.8%
AaM
Albert and Me
42.5%
FMaB
Fags, Mags and Bags
42.5%
EA
Educating Archie
41.3%
FSaF
Flywheel, Shyster and Flywheel
41.3%
ABHoT
A Brief History of Timewasting
40%
AP
Absolute Power
40%
CR
Chain Reaction
40%
Initialism
Programme Title
% Correct
GWHGO
Giles Wemmbley-Hogg Goes Off
40%
GGM
Goodness Gracious Me
40%
H
Heresy
40%
OHG
Old Harry's Game
40%
PS
Parsley Sidings
40%
TMftM
The Men from the Ministry
40%
DINKY
Double Income No Kids Yet
38.8%
E
Elvenquest
38.8%
TMaWS
That Mitchell and Webb Sound
38.8%
AGaG
All Gas and Gaitors
37.5%
BiL
Brothers in Law
37.5%
JHSttN
Jeremy Hardy Speaks to the Nation
37.5%
SNF
Saturday Night Fry
37.5%
TCK
The Clitheroe Kid
37.5%
TMWE
The Mary Whitehouse Experience
37.5%
AaM
Armstrong and Miller
36.3%
BoK
Beyond or Ken
36.3%
HC
Hello Cheeky
36.3%
INSSW
I've Never Seen Star Wars
36.3%
KSJ
King Street Junior
36.3%
MW
My Word
36.3%
TMoC
The Museum of Curiosity
36.3%
ASL
A Swift Laugh
35%
AaD
About a Dog
35%
B
Baggage
35%
BOOQ
Bremner's One Question Quiz
35%
CC
Concrete Cow
35%
CdlC
Creme de la Crime
35%
DS
Delve Special
35%
EtCE
Elephants to Catch Eels
35%
FtF
Flying the Flag
35%
GNF
Getting Nowhere Fast
35%
Initialism
Programme Title
% Correct
MaS
Many a Slip
35%
NC
No Commitments
35%
TBW
The Burkiss Way
35%
YHHYT
You'll Have Had Your Tea
35%
ANiC
And Now in Colour
33.8%
ATGB
As Time Goes By
33.8%
C
Cactus
33.8%
D
Dilemma
33.8%
FGttBo
Fanshawe Gets to the Bottom of
33.8%
LoL
Ladies of Letters
33.8%
RM
Rigor Mortis
33.8%
PLU
People Like Us
33.8%
LDaSwMaS
Life, Death and Sex with Mike and Sue
32.5%
LA
Listen Against
32.5%
ACoMJ
Another Case of Milton Jones
32.5%
OtL
Out to Lunch
32.5%
RAtB
Ring Around the Bath
32.5%
TtU
Think the Unthinkable
32.5%
FMGI
Frank Muir Goes Into
31.3%
MTD
My Teenage Diary
31.3%
OBB
Our Brave Boys
31.3%
TBB
The Big Booth
31.3%
TBS
The Brig Society
31.3%
TEL
The Embassy Lark
31.3%
THaPS
The Hudson and Pepperdine Show
31.3%
GKRS
Garrison Keilor's Radio Show
30%
TS
The Shuttleworths
30%
TBBL
The Big Business Lark
28.8%
TMPRS
The Million Pound Radio Show
28.8%
TMI
The Masterson Inheritance
25%
WoL
Warhorses of Letters
23.8%
Quiz Playlist
Details
Report
Send in Message
Add To Playlist
Classic:
Type in answers that appear in a list
Last Updated: Feb 16, 2017
Quiz Scoreboard
CHALLENGE
Sign Up to Join the Scoreboard
Show All
Scores
Hide
Comments
May contain spoilers
Recently Published
Image Sorting: Flags VI
by Barbecue
Geography
2m
Find the 'City' Movie
by crazypaving
Movies
60s
Colored Red Africa Blitz
by spor1
Geography
45s
More to Explore
Quiz From the Vault
Featured Blog Post
14 Easter Pick-up Lines to Find Eggs With
hide this ad
You Might Also Like...
Tags
bbc
BBC Radio
BBC Sound
Comedy
radio
Radio Programs
Radio Station
UK Comedy
Today's Top Quizzes in Entertainment
Browse Entertainment
hide this ad
Today's Top Quizzes in radio
Browse radio
Top Contributed Quizzes in Entertainment
1
Marvel Classic Character Map
2
Dragon Ball Z: Goku's Fights in Order
3
Marvel Characters Bunker
4
Movie-Themed Roller Coasters
5
JoJo's Bizarre Logic Quiz
6
Harry Styles-Are you no.1 fan
7
Sorting Pictures: Villains
8
This is Your Life: Edward Elric
9
This is Your Life: Itachi Uchiha
10
Celebrity Spelling Bee
Explore More
Trending Topics
NBA
Kpop
Crossword
Anime
Marvel
Disney
Harry Potter
NFL
Song
Country
Puzzle
WWE
Pokémon
The Office
Soccer
hide this ad
More By:
pjroberts
Quiz
Plays
Rating
Category
Featured
Created
BBC Radio Comedy Programmes
80
Entertainment
Aug 9, 2014
Go to Creator's Profile
Score Distribution
Quiz Creator Spotlight
pjroberts
Follow
Send a Message
Quizzes Created
-
Created Quiz Play Count
-
More By This Creator
Popular Quizzes Today
1
Colored Red Africa Blitz
2
Find the US States - No Outlines Minefield
3
Find the 'City' Movie
4
5x2 Blitz: Bands
5
The Countries of the World
6
Find the US States
7
Find the Countries of Europe - No Outlines Minefield
8
US States
More Entertainment Quizzes
Comic Book Covers - Skiing
Editor's Pick
Trending Quizzes
Colored Red Europe Blitz I
Colored Red Africa Blitz II
Colored Red Europe Blitz II
Colored Red Africa Blitz III
Colored Red Europe Blitz III
Recently Updated
How Do You Spell That?
pecheneg
Godzilla Movies
pecheneg
Grab Bag: 4-10 Letters
pecheneg
2024 March Madness Bracket
pecheneg
Famous TV Couples
Peacemaker
Champions League XIs: Real Madrid
pecheneg
Largest US Cities 1790-2010
pecheneg
Rides in Walt Disney World
pecheneg
Most Oscar Losses (Acting)
pecheneg
Beyoncé Albums
pecheneg
Trending Topics
Harry Potter
NBA
Kpop
Anime
Disney
Crossword
Marvel
WWE
Soccer
Song
Country
NFL
Puzzle
The Office
Pokémon
Your Account Isn't Verified!
In order to create a playlist on Sporcle, you need to verify the email address you used during registration. Go to your
Sporcle Settings
to finish the process.
Report this User
Report this user for behavior that violates our
Community Guidelines
.
Details:
Send Report
Go to the Sporcle.com Mobile Site →
Comments